|
|
|
|
| LEADER |
01444nam a22002657a 4500 |
| 001 |
9767 |
| 003 |
BD-DhAAL |
| 005 |
20250202142713.0 |
| 008 |
171130t2001 bg a|||| |||| 00| 0 eng d |
| 040 |
|
|
|a BD-DhAAL
|c BD-DhAAL
|
| 082 |
|
|
|a 306.095492
|2 22
|
| 245 |
|
|
|a Research reports
|f (2001)
|b Social studies.
|n Volume XXVIII.
|
| 264 |
|
|
|a Dhaka :
|b Research and Evaluation Division, BRAC,
|c 2001.
|
| 300 |
|
|
|a 169 pages :
|b illustrations ;
|c 30 cm.
|
| 362 |
|
|
|a Vol. 28
|
| 504 |
|
|
|a Includes bibliographical references.
|
| 541 |
|
|
|e 9767, 44040
|a Complimentary copy from Research and Evaluation Division (RED), BRAC
|
| 610 |
|
|
|a BRAC
|9 14405
|
| 651 |
|
|
|a Bangladesh
|x Social condition.
|9 24143
|
| 710 |
|
|
|a BRAC.
|b Research and Evaluation Division.
|9 14405
|
| 852 |
|
|
|a Ayesha Abed Library
|c BRAC Resource Section
|
| 942 |
|
|
|2 ddc
|c BK
|
| 999 |
|
|
|c 38805
|d 38805
|
| 952 |
|
|
|0 0
|1 0
|2 ddc
|4 0
|6 306_095492000000000_RES
|7 1
|8 RPT
|9 62267
|a BRACUL
|b BRACUL
|c BRS
|d 2017-12-10
|e Complimentary copy from Research and Evaluation Division (RED), BRAC
|l 0
|o 306.095492 RES
|p 3010009767
|r 2017-12-10
|t 1
|w 2017-12-10
|y BK
|x Complimentary copy from Research and Evaluation Division (RED), BRAC
|
| 952 |
|
|
|0 0
|1 0
|2 ddc
|4 0
|6 306_095492000000000_RES
|7 0
|8 RPT
|9 77287
|a SCL
|b SCL
|c GEN
|d 2017-12-10
|e Complimentary copy from Research and Evaluation Division (RED), BRAC
|l 0
|o 306.095492 RES
|p 3020044040
|r 2025-02-02
|t 2
|w 2017-12-10
|y BK
|x Complimentary copy from Research and Evaluation Division (RED), BRAC
|